zpět

Detail výsledku týmu

Harry, Brno

Datum a čas kvízu

40 Celkem bodů Celkový počet nahraných bodů na tomto kvízu bez doplňovacích otázek.
3. Pořadí na kvízu Konečné umístění týmu na tomto kvízu.

Zaznamenané odpovědi

# Otázka Odpověď Body Výsledky
1. Od pondělí do čtvrtka brázdila... Formule 1 0
2. Společnost Air Baltic spustila... Kunda 1
3. Který známý americký influence... Jake Paul 1
4. Ve čtvrtek byla v aukci v Los... klobouk (Indiany Jonese) 1
5. Který český fotbalista přestou... Adam Hložek 1
6. Ve kterém americkém filmu z ro... Ladíme! (Pitch Perfect) 1
7. Francouzská hudební komedie s... Piti Piti Pa 1
8. Animovaný hudební film Alvin a... Simon a Theodor 1
9. Horečka sobotní noci se pojí s... Bee Gees 0
10. Který hudební film s Karlem Go... Hvězda padá vzhůru 1